000
00341nam a22001457a 4500
008
221222b ||||| |||| 00| 0 eng d
020
_a
9780803625006
041
_a
eng
080
_2
FIFTH EDITION
_a
61
082
_a
61AND
100
_a
4
101
_a
MJEKS
245
_a
CARING OLDER ADULTS HOLISTICALLY
_c
ANDERSON A M
942
_2
udc
_c
BK
999
_c
59222
_d
59222